000
00338 a2200157 4500
001
61332
020
_a
8598751111
040
_c
Anchieta - Pituba
100
_a
Schindler, Rex
240
1
0
_a
Os últimos heróis
_l
por
245
1
0
_a
Os últimos heróis
300
_a
182
362
0
_a
2006
650
4
_a
Ficção brasileira
942
_c
BK
999
_c
61332
_d
61332